TRR- Journal of transportation research board no.2094 (Record no. 528132)
[ view plain ]
| 000 -LEADER | |
|---|---|
| fixed length control field | 00320nam a22001337a 4500 |
| 003 - CONTROL NUMBER IDENTIFIER | |
| control field | NUST |
| 038 ## - RECORD CONTENT LICENSOR | |
| Staff Name | M.Ramzan |
| 082 ## - DEWEY DECIMAL CLASSIFICATION NUMBER | |
| Classification number | 388.413 |
| Author Mark | TRB |
| 100 ## - MAIN ENTRY--PERSONAL NAME | |
| Personal name | TRB |
| 9 (RLIN) | 19556 |
| 245 ## - TITLE STATEMENT | |
| Title | TRR- Journal of transportation research board no.2094 |
| Statement of responsibility, etc. | TRB |
| 260 ## - PUBLICATION, DISTRIBUTION, ETC. | |
| Place of publication, distribution, etc. | Washing |
| Name of publisher, distributor, etc. | TRB |
| Date of publication, distribution, etc. | 2009 |
| 300 ## - PHYSICAL DESCRIPTION | |
| Extent | 164 p, P |
| Dimensions | 25cm |
| 942 ## - ADDED ENTRY ELEMENTS (KOHA) | |
| Source of classification or shelving scheme | |
| Koha item type | Book |
| Withdrawn status | Lost status | Source of classification or shelving scheme | Damaged status | Not for loan | Permanent Location | Current Location | Date acquired | Total Checkouts | Full call number | Barcode | Date last seen | Price effective from | Koha item type |
|---|---|---|---|---|---|---|---|---|---|---|---|---|---|
| School of Civil and Environmental Engineering (SCEE) | School of Civil and Environmental Engineering (SCEE) | 08/29/2019 | 388.413 TRB | NIT-10251 | 08/29/2019 | 08/29/2019 | Book |
